[Event "Agen 2017 - Open D"]
[Site "?"]
[Date "2017.08.24"]
[Round "6.2"]
[White "Andre, Victoria"]
[Black "Jugeau, Frederic"]
[Result "1-0"]
[LiveChessVersion "1.4.8"]
[BlackElo "1423"]
[WhiteElo "1452"]

1. e4 {[%clk 1:30:58]} Nf6 {[%clk 1:30:49]} 2. Nc3 {[%clk 1:31:15]} e5
{[%clk 1:31:09]} 3. Nf3 {[%clk 1:31:34]} Nc6 {[%clk 1:31:28]} 4. d4
{[%clk 1:31:57]} Bb4 {[%clk 1:30:59]} 5. Bg5 {[%clk 1:30:46]} h6 {[%clk 1:14:53]}
6. Bxf6 {[%clk 1:23:25]} Qxf6 {[%clk 1:14:53]} 7. dxe5 {[%clk 1:16:45]} Nxe5
{[%clk 1:13:53]} 8. Nxe5 {[%clk 1:16:52]} Qxe5 {[%clk 1:14:13]} 9. Qd3
{[%clk 1:02:40]} f5 {[%clk 1:05:34]} 10. f3 {[%clk 0:49:38]} fxe4
{[%clk 1:03:07]} 11. Qxe4 {[%clk 0:45:57]} Qxe4+ {[%clk 1:01:17]} 12. fxe4
{[%clk 0:45:27]} d6 {[%clk 0:46:54]} 13. Kd2 {[%clk 0:41:37]} Bd7
{[%clk 0:44:58]} 14. a3 {[%clk 0:38:26]} Ba5 {[%clk 0:44:32]} 15. b4
{[%clk 0:35:08]} Bb6 {[%clk 0:40:31]} 16. Nd5 {[%clk 0:34:47]} O-O
{[%clk 0:29:47]} 17. Re1 {[%clk 0:31:51]} Bf2 {[%clk 0:26:43]} 18. Rb1
{[%clk 0:25:00]} c6 {[%clk 0:24:00]} 19. Ne7+ {[%clk 0:21:26]} Kh7
{[%clk 0:23:54]} 20. Bd3 {[%clk 0:21:20]} g6 {[%clk 0:18:28]} 21. e5
{[%clk 0:17:49]} dxe5 {[%clk 0:15:27]} 22. Nxg6 {[%clk 0:16:08]} Rfd8
{[%clk 0:13:52]} 23. Nxe5+ {[%clk 0:14:40]} Kg7 {[%clk 0:14:04]} 24. Rhf1
{[%clk 0:14:03]} Bd4 {[%clk 0:11:17]} 25. Rf7+ {[%clk 0:14:05]} Kh8
{[%clk 0:08:48]} 26. Nxd7 {[%clk 0:13:39]} Re8 {[%clk 0:08:29]} 27. Rh7+
{[%clk 0:13:10]} Kg8 {[%clk 0:08:43]} 28. Rf1 {[%clk 0:12:19]} Be3+
{[%clk 0:08:37]} 29. Kd1 {[%clk 0:11:53]} Bg5 {[%clk 0:08:54]} 30. Rff7
{[%clk 0:11:45]} Rad8 {[%clk 0:07:56]} 31. Rfg7# {[%clk 0:11:58]} 1-0

[Event "Agen 2017 - Open D"]
[Site "?"]
[Date "2017.08.24"]
[Round "6.3"]
[White "Adiba, Jean-Claude"]
[Black "Sillero, Pierre"]
[Result "1-0"]
[LiveChessVersion "1.4.8"]
[BlackElo "1435"]
[WhiteElo "1421"]

1. c4 {[%clk 1:30:49]} c5 {[%clk 1:30:37]} 2. Nc3 {[%clk 1:31:10]} Nc6
{[%clk 1:30:56]} 3. g3 {[%clk 1:31:32]} Nf6 {[%clk 1:30:17]} 4. Bg2
{[%clk 1:31:45]} e6 {[%clk 1:30:24]} 5. e4 {[%clk 1:31:09]} e5 {[%clk 1:29:26]}
6. Nge2 {[%clk 1:30:56]} d6 {[%clk 1:27:58]} 7. h3 {[%clk 1:31:17]} Bd7
{[%clk 1:28:08]} 8. O-O {[%clk 1:31:00]} Be7 {[%clk 1:28:06]} 9. Kh2
{[%clk 1:29:09]} a6 {[%clk 1:27:45]} 10. d3 {[%clk 1:28:59]} Nd4 {[%clk 1:25:18]}
11. f4 {[%clk 1:23:21]} O-O {[%clk 1:19:54]} 12. fxe5 {[%clk 1:20:54]} dxe5
{[%clk 1:17:59]} 13. Nxd4 {[%clk 1:21:00]} cxd4 {[%clk 1:18:16]} 14. Nd5
{[%clk 1:21:16]} Nxd5 {[%clk 1:17:56]} 15. cxd5 {[%clk 1:21:16]} Bg5
{[%clk 1:10:04]} 16. Qh5 {[%clk 1:17:54]} f6 {[%clk 1:06:55]} 17. Bxg5
{[%clk 1:17:43]} fxg5 {[%clk 1:06:22]} 18. Rxf8+ {[%clk 1:18:01]} Qxf8
{[%clk 1:05:29]} 19. Qxg5 {[%clk 1:18:19]} Qf6 {[%clk 1:04:14]} 20. Qd2
{[%clk 1:18:22]} Qd6 {[%clk 1:04:18]} 21. b3 {[%clk 1:15:57]} a5 {[%clk 1:04:19]}
22. Rf1 {[%clk 1:14:27]} h6 {[%clk 1:04:25]} 23. h4 {[%clk 1:09:28]} a4
{[%clk 1:03:55]} 24. b4 {[%clk 1:09:38]} Rf8 {[%clk 1:00:09]} 25. a3
{[%clk 1:09:31]} Bb5 {[%clk 0:59:12]} 26. Rc1 {[%clk 1:06:17]} Qa6
{[%clk 0:58:31]} 27. Rd1 {[%clk 1:00:01]} Rf6 {[%clk 0:55:16]} 28. Bh3
{[%clk 0:59:46]} Rf3 {[%clk 0:54:15]} 29. Qc2 {[%clk 0:59:04]} Rf8
{[%clk 0:50:41]} 30. Rd2 {[%clk 0:57:37]} Qf6 {[%clk 0:50:08]} 31. Qc5
{[%clk 0:57:12]} Be8 {[%clk 0:49:23]} 32. d6 {[%clk 0:52:18]} Bf7
{[%clk 0:41:24]} 33. d7 {[%clk 0:49:18]} Rd8 {[%clk 0:40:14]} 34. Qc7
{[%clk 0:49:26]} b6 {[%clk 0:40:23]} 35. Kg1 {[%clk 0:48:51]} Qe7
{[%clk 0:36:40]} 36. Rc2 {[%clk 0:48:51]} Bb3 {[%clk 0:33:54]} 37. Qxd8+
{[%clk 0:48:59]} Qxd8 {[%clk 0:30:15]} 38. Rc8 {[%clk 0:49:14]} Kf8
{[%clk 0:29:26]} 39. Rxd8+ {[%clk 0:49:27]} Ke7 {[%clk 0:29:55]} 40. Rc8
{[%clk 1:19:34]} Be6 {[%clk 0:57:53]} 41. d8=Q+ Kf7 42. Qf8+ {[%clk 1:19:46]} Kg6
{[%clk 0:57:59]} 43. Bxe6 {[%clk 1:20:03]} Kh7 {[%clk 0:57:38]} 44. Qh8+
{[%clk 1:20:15]} Kg6 {[%clk 0:57:52]} 45. Bf5+ {[%clk 1:20:18]} Kh5
{[%clk 0:57:50]} 46. Qxg7 {[%clk 1:20:39]} b5 {[%clk 0:58:02]} 47. Qg4# 1-0

[Event "Agen 2017 - Open D"]
[Site "?"]
[Date "2017.08.24"]
[Round "6.4"]
[White "Aubert, Elea"]
[Black "Jager, Lisa"]
[Result "1-0"]
[LiveChessVersion "1.4.8"]
[BlackElo "1405"]
[WhiteElo "1499"]

1. e4 {[%clk 1:30:54]} e6 {[%clk 1:30:52]} 2. d4 {[%clk 1:31:09]} d5
{[%clk 1:31:16]} 3. e5 {[%clk 1:31:15]} c5 {[%clk 1:31:33]} 4. c3
{[%clk 1:31:30]} Nc6 {[%clk 1:31:49]} 5. Nf3 {[%clk 1:31:23]} Qb6
{[%clk 1:32:02]} 6. Na3 {[%clk 1:23:30]} cxd4 {[%clk 1:30:12]} 7. cxd4
{[%clk 1:18:12]} Bxa3 {[%clk 1:21:29]} 8. bxa3 {[%clk 1:17:42]} Qa5+
{[%clk 1:21:13]} 9. Qd2 {[%clk 1:16:43]} Qxd2+ {[%clk 1:19:52]} 10. Bxd2
{[%clk 1:16:52]} Nge7 {[%clk 1:19:31]} 11. Bd3 {[%clk 1:16:02]} O-O
{[%clk 1:12:57]} 12. O-O {[%clk 1:14:55]} Bd7 {[%clk 1:08:45]} 13. Bb4
{[%clk 1:13:55]} Nxb4 {[%clk 1:05:38]} 14. axb4 {[%clk 1:14:13]} Rac8
{[%clk 1:04:03]} 15. Nd2 {[%clk 1:02:24]} Rc3 {[%clk 0:56:58]} 16. Be2
{[%clk 1:01:28]} Rfc8 {[%clk 0:54:08]} 17. Nb3 {[%clk 1:00:38]} Ba4
{[%clk 0:46:00]} 18. Nc5 {[%clk 0:59:23]} Bc2 {[%clk 0:40:07]} 19. Nxb7
{[%clk 0:49:14]} Rb8 {[%clk 0:39:30]} 20. Nd6 {[%clk 0:40:44]} Bd3
{[%clk 0:37:13]} 21. Bxd3 {[%clk 0:36:23]} Rxd3 {[%clk 0:37:34]} 22. Rac1
{[%clk 0:31:09]} Rxd4 {[%clk 0:34:56]} 23. Rc7 {[%clk 0:31:23]} Kf8
{[%clk 0:34:43]} 24. b5 {[%clk 0:27:07]} Ra4 {[%clk 0:32:09]} 25. Ra1
{[%clk 0:20:14]} f6 {[%clk 0:28:43]} 26. f4 {[%clk 0:14:37]} fxe5
{[%clk 0:24:38]} 27. fxe5 {[%clk 0:14:56]} Ng6 {[%clk 0:24:34]} 28. Rf1+
{[%clk 0:14:11]} Rf4 {[%clk 0:22:58]} 29. Rxf4+ {[%clk 0:14:17]} Nxf4
{[%clk 0:23:23]} 30. Rf7+ {[%clk 0:14:36]} Kg8 {[%clk 0:23:20]} 31. Rxf4
{[%clk 0:14:59]} 1-0

[Event "Champ France Acc"]
[Site "Agen"]
[Date "2017.08.24"]
[Round "6"]
[White "BROCHET, Philippe"]
[Black "MIDOUX, Sebastien"]
[Result "1/2-1/2"]
[WhiteElo "2417"]
[BlackElo "2321"]
[PlyCount "110"]

1. e4 e5 2. Nf3 Nf6 3. Nxe5 d6 4. Nf3 Nxe4 5. c4 Be7 6. d4 c5 7. Bd3 Nf6 8. Nc3
Bg4 9. d5 Nbd7 10. Be3 O-O 11. Qc2 Re8 12. Ng5 Nf8 13. f3 Bh5 14. h4 Bg6 15.
O-O-O N6d7 16. Bxg6 Nxg6 17. Qf5 Nde5 18. Nxh7 Nxc4 19. Ng5 Bxg5 20. Bxg5 Qb6
21. Qc2 Nge5 22. h5 f6 23. h6 Qxb2+ 24. Qxb2 Nxb2 25. Kxb2 fxg5 26. Nb5 Nf7 27.
h7+ Kh8 28. Rde1 Rad8 29. Nxa7 Re5 30. Rxe5 dxe5 31. Rd1 Nd6 32. a4 Kxh7 33.
Kc3 Nf5 34. Nb5 Ne3 35. Rh1+ Kg6 36. d6 Nxg2 37. Kc4 Nh4 38. Kxc5 Nxf3 39. Kb6
Rd7 40. a5 e4 41. Ka7 e3 42. Kb8 e2 43. Kc8 Rf7 44. d7 Rxd7 45. Kxd7 e1=Q 46.
Rxe1 Nxe1 47. Kc7 Nc2 48. Kxb7 Nb4 49. Nd4 g4 50. Ne2 Kf5 51. Kb6 Ke4 52. Kc5
Na6+ 53. Kb6 Nb4 54. Kc5 Na6+ 55. Kb6 Nb4 1/2-1/2

[Event "Champ France Acc"]
[Site "Agen"]
[Date "2017.08.24"]
[Round "6"]
[White "DUBOUE, Peio"]
[Black "LAMOUREUX, Charles"]
[Result "1/2-1/2"]
[WhiteElo "2403"]
[BlackElo "2306"]
[PlyCount "214"]

1. e4 e6 2. d4 d5 3. Nc3 Bb4 4. exd5 exd5 5. Bd3 Nc6 6. a3 Ba5 7. Nge2 Nge7 8.
O-O O-O 9. Bg5 Bg4 10. f3 Be6 11. Na4 Bb6 12. c3 Qd7 13. Ng3 f5 14. Qd2 Ng6 15.
Nh5 Nce7 16. Nxb6 axb6 17. Rae1 Rae8 18. Re2 Nc8 19. Rfe1 Nd6 20. Nf4 Nxf4 21.
Bxf4 Nc4 22. Bxc4 dxc4 23. Bxc7 b5 24. Be5 Bd5 25. Qg5 Re6 26. Bg3 h6 27. Qh4
Rfe8 28. Rxe6 Rxe6 29. Rxe6 Bxe6 30. Qf4 Kh7 31. Qb8 Bd5 32. Qf8 Be6 33. Be5
Qf7 34. Qc5 Qd7 35. Kf2 Bd5 36. Qf8 Be6 37. d5 Qf7 38. Qxf7 Bxf7 39. d6 Be8 40.
Ke3 Kg8 41. Kd4 Kf7 42. Kc5 g6 43. Kb6 Ke6 44. f4 h5 45. Kxb7 Bd7 46. Kc7 Be8
47. Bg7 Bd7 48. Bh6 Be8 49. g3 Bd7 50. Bf8 Be8 51. Kb6 Kd5 52. Kb7 Bd7 53. Kc7
Ke6 54. Be7 Be8 55. Kb6 Kd5 56. Ka5 Bd7 57. Kb4 Be8 58. b3 cxb3 59. Kxb3 Bd7
60. Kb4 Be8 61. Ka5 Kc6 62. Kb4 Kd5 63. Kb3 Bd7 64. Kc2 Be8 65. Kd3 Bd7 66. Ke3
Bc6 67. Ke2 Bd7 68. Kf3 Bc6 69. Kg2 Ke6+ 70. Kh3 Kf7 71. Kh4 Bd7 72. Kg5 Bc6
73. Bf6 Bd7 74. Be5 Bc6 75. Bh8 Bd7 76. Bd4 Bc6 77. Be5 Bd7 78. h3 Bc6 79. g4
hxg4 80. hxg4 Bd7 81. gxf5 gxf5 82. Bd4 Ke6 83. Bc5 Bc6 84. Bb4 Bd7 85. Kh5 Bc6
86. Kh4 Bd7 87. Kg3 Bc6 88. Kf2 Kd5 89. Ke3 Kc4 90. Ke2 Bd7 91. Ba5 Bc6 92. Ke3
Bd7 93. Kf2 Bc6 94. Bb4 Bd7 95. Kg3 Kd5 96. Kh4 Ke6 97. Kg5 Bc6 98. a4 bxa4 99.
c4 Be4 100. Kg6 Bd3 101. c5 Bb5 102. Ba3 Bd7 103. Kg7 Bb5 104. Kf8 Bd7 105. Bb4
Bb5 106. Ba3 Bd7 107. Bb4 Bb5 1/2-1/2

[Event "Agen 2017 National"]
[Site "?"]
[Date "2017.08.25"]
[Round "7.1"]
[White "Bauer, Christian"]
[Black "Maze, Sebastien"]
[Result "1/2-1/2"]
[BlackElo "2612"]
[WhiteElo "2650"]
[LiveChessVersion "1.4.8"]

1. d4 {[%clk 1:30:57]} Nf6 {[%clk 1:30:56]} 2. c4 {[%clk 1:27:49]} e6
{[%clk 1:31:19]} 3. Bg5 {[%clk 1:26:39]} d5 {[%clk 1:31:10]} 4. Nc3
{[%clk 1:26:29]} c6 {[%clk 1:30:44]} 5. e3 {[%clk 1:25:18]} Nbd7 {[%clk 1:31:07]}
6. cxd5 {[%clk 1:23:03]} exd5 {[%clk 1:30:54]} 7. Bd3 {[%clk 1:22:38]} Be7
{[%clk 1:31:16]} 8. Bf4 {[%clk 1:19:26]} Nf8 {[%clk 1:30:50]} 9. h3
{[%clk 1:14:59]} Ng6 {[%clk 1:30:28]} 10. Bg3 {[%clk 1:15:24]} Bd6
{[%clk 1:27:30]} 11. Bxd6 {[%clk 1:14:56]} Qxd6 {[%clk 1:27:58]} 12. Nf3
{[%clk 1:15:18]} O-O {[%clk 1:27:53]} 13. Qc2 {[%clk 1:14:04]} Re8
{[%clk 1:27:09]} 14. O-O-O {[%clk 1:13:09]} Be6 {[%clk 1:19:25]} 15. Kb1
{[%clk 1:06:17]} b6 {[%clk 1:14:47]} 16. Ng5 {[%clk 0:46:43]} Bd7
{[%clk 1:14:15]} 17. h4 {[%clk 0:45:47]} Nf8 {[%clk 1:08:00]} 18. e4
{[%clk 0:44:32]} dxe4 {[%clk 1:08:23]} 19. Ncxe4 {[%clk 0:44:52]} Nxe4
{[%clk 1:08:48]} 20. Bxe4 {[%clk 0:45:04]} g6 {[%clk 1:07:09]} 21. d5
{[%clk 0:37:42]} c5 {[%clk 1:07:10]} 22. Bd3 {[%clk 0:31:31]} h5 {[%clk 0:42:27]}
23. Ne4 {[%clk 0:27:44]} Qe5 {[%clk 0:42:30]} 24. f4 {[%clk 0:23:53]} Qg7
{[%clk 0:35:29]} 25. Nd6 {[%clk 0:22:10]} Bg4 {[%clk 0:30:49]} 26. Nxe8
{[%clk 0:19:56]} Bxd1 {[%clk 0:31:13]} 27. Rxd1 {[%clk 0:20:24]} Rxe8
{[%clk 0:31:39]} 28. f5 {[%clk 0:19:26]} Rd8 {[%clk 0:30:58]} 29. Be4
{[%clk 0:18:59]} Rd6 {[%clk 0:26:07]} 30. fxg6 {[%clk 0:13:25]} Nxg6
{[%clk 0:23:42]} 31. g3 {[%clk 0:09:44]} Ne5 {[%clk 0:23:00]} 32. Rd2
{[%clk 0:05:16]} Kf8 {[%clk 0:19:01]} 33. Qc3 {[%clk 0:02:43]} Ng4
{[%clk 0:18:39]} 34. Qxg7+ {[%clk 0:02:11]} Kxg7 {[%clk 0:19:05]} 35. Bf3
{[%clk 0:02:29]} Ne3 {[%clk 0:03:08]} 36. Bxh5 {[%clk 0:01:02]} Rxd5
{[%clk 0:03:16]} 37. Rxd5 {[%clk 0:01:25]} Nxd5 {[%clk 0:03:45]} 38. Bf3
{[%clk 0:01:02]} Ne7 {[%clk 0:04:00]} 39. g4 {[%clk 0:00:43]} f5 {[%clk 0:01:44]}
40. Kc2 {[%clk 0:30:36]} Ng6 {[%clk 0:30:34]} 41. gxf5 {[%clk 0:30:22]} Nxh4
{[%clk 0:30:58]} 42. Bg4 {[%clk 0:29:56]} Kf6 {[%clk 0:30:23]} 43. Kd3
{[%clk 0:29:30]} Nxf5 {[%clk 0:26:32]} 44. Bxf5 {[%clk 0:25:51]} Kxf5
{[%clk 0:26:58]} 45. Kc4 {[%clk 0:26:16]} Ke4 {[%clk 0:27:22]} 46. a4
{[%clk 0:24:35]} a6 {[%clk 0:27:19]} 47. a5 {[%clk 0:24:45]} bxa5
{[%clk 0:27:45]} 48. Kxc5 {[%clk 0:25:05]} Kd3 {[%clk 0:28:02]} 49. Kb6
{[%clk 0:25:26]} Kc2 {[%clk 0:28:28]} 50. Kxa5 {[%clk 0:25:51]} Kxb2
{[%clk 0:28:55]} 51. Kxa6 1/2-1/2

[Event "Agen 2017 National"]
[Site "?"]
[Date "2017.08.25"]
[Round "7.2"]
[White "Gharamian, Tigran"]
[Black "Bacrot, Etienne"]
[Result "1/2-1/2"]
[BlackElo "2715"]
[WhiteElo "2616"]
[LiveChessVersion "1.4.8"]

1. e4 {[%clk 1:30:56]} e5 {[%clk 1:30:55]} 2. Nf3 {[%clk 1:31:17]} Nc6
{[%clk 1:31:21]} 3. Bb5 {[%clk 1:31:36]} Nf6 {[%clk 1:31:45]} 4. d3
{[%clk 1:31:58]} Bc5 {[%clk 1:31:57]} 5. Nbd2 {[%clk 1:31:57]} d6
{[%clk 1:32:11]} 6. O-O {[%clk 1:30:39]} O-O {[%clk 1:32:34]} 7. c3
{[%clk 1:30:58]} Ne7 {[%clk 1:32:24]} 8. d4 {[%clk 1:30:49]} exd4
{[%clk 1:32:29]} 9. cxd4 {[%clk 1:31:13]} Bb6 {[%clk 1:32:56]} 10. h3
{[%clk 1:31:28]} d5 {[%clk 1:31:31]} 11. e5 {[%clk 1:31:07]} Ne4 {[%clk 1:31:50]}
12. a4 {[%clk 1:30:58]} a5 {[%clk 1:28:43]} 13. Re1 {[%clk 1:29:45]} Bf5
{[%clk 1:27:49]} 14. Nxe4 {[%clk 1:26:21]} dxe4 {[%clk 1:23:11]} 15. Nh4
{[%clk 1:25:57]} Qxd4 {[%clk 1:20:40]} 16. Qxd4 {[%clk 1:07:49]} Bxd4
{[%clk 1:20:50]} 17. Nxf5 {[%clk 1:07:06]} Nxf5 {[%clk 1:21:10]} 18. Rxe4
{[%clk 1:07:30]} Rad8 {[%clk 1:17:33]} 19. Bg5 {[%clk 0:58:25]} f6
{[%clk 1:16:43]} 20. g4 {[%clk 0:36:46]} fxg5 {[%clk 1:08:29]} 21. gxf5
{[%clk 0:36:41]} Kf7 {[%clk 1:06:53]} 22. Ra3 {[%clk 0:30:23]} Bxb2
{[%clk 1:00:20]} 23. Rb3 {[%clk 0:25:13]} Ba1 {[%clk 0:53:50]} 24. Bc4+
{[%clk 0:19:36]} Ke7 {[%clk 0:50:45]} 25. Rxb7 {[%clk 0:20:01]} Rxf5
{[%clk 0:41:33]} 26. Rxc7+ {[%clk 0:20:26]} Rd7 {[%clk 0:41:58]} 27. Rxd7+
{[%clk 0:20:51]} Kxd7 {[%clk 0:42:25]} 28. Be2 {[%clk 0:20:54]} Rxe5
{[%clk 0:42:15]} 29. Rxe5 {[%clk 0:21:20]} Bxe5 {[%clk 0:42:40]} 30. Kg2
{[%clk 0:21:45]} Bd4 {[%clk 0:43:01]} 31. Bd3 {[%clk 0:22:00]} h6
{[%clk 0:43:25]} 32. Be2 {[%clk 0:22:22]} Ke7 {[%clk 0:43:48]} 33. Bd3
{[%clk 0:22:47]} Bc5 {[%clk 0:44:14]} 34. Be2 {[%clk 0:23:13]} Kf6
{[%clk 0:44:40]} 35. Bd1 {[%clk 0:23:39]} Bb6 {[%clk 0:45:06]} 36. Be2
{[%clk 0:24:05]} Bc5 {[%clk 0:45:33]} 37. Bd1 {[%clk 0:24:32]} Bb6
{[%clk 0:46:00]} 38. Be2 {[%clk 0:24:55]} Ke5 1/2-1/2

[Event "Agen 2017 National"]
[Site "?"]
[Date "2017.08.25"]
[Round "7.3"]
[White "Gozzoli, Yannick"]
[Black "Cornette, Matthieu"]
[Result "1-0"]
[BlackElo "2609"]
[WhiteElo "2592"]
[LiveChessVersion "1.4.8"]

1. d4 {[%clk 1:30:56]} Nf6 {[%clk 1:30:50]} 2. c4 {[%clk 1:31:18]} e6
{[%clk 1:31:08]} 3. Nf3 {[%clk 1:31:38]} b6 {[%clk 1:31:24]} 4. a3
{[%clk 1:32:02]} Ba6 {[%clk 1:31:24]} 5. Qc2 {[%clk 1:32:24]} Bb7
{[%clk 1:31:17]} 6. Nc3 {[%clk 1:32:48]} c5 {[%clk 1:31:30]} 7. e4
{[%clk 1:33:13]} cxd4 {[%clk 1:31:27]} 8. Nxd4 {[%clk 1:33:38]} Bc5
{[%clk 1:31:37]} 9. Nf3 {[%clk 1:34:03]} Ng4 {[%clk 1:31:50]} 10. Bg5
{[%clk 1:34:27]} f6 {[%clk 1:30:35]} 11. Bh4 {[%clk 1:32:27]} Nc6
{[%clk 1:29:24]} 12. O-O-O {[%clk 1:22:26]} Rc8 {[%clk 1:17:57]} 13. Kb1
{[%clk 1:22:20]} Be7 {[%clk 1:11:19]} 14. Bg3 {[%clk 1:14:20]} O-O
{[%clk 1:01:05]} 15. h3 {[%clk 0:59:42]} Nge5 {[%clk 0:58:27]} 16. Be2
{[%clk 1:00:01]} a6 {[%clk 0:53:27]} 17. Rd2 {[%clk 0:57:13]} Qe8
{[%clk 0:47:48]} 18. Rhd1 {[%clk 0:55:52]} d6 {[%clk 0:47:28]} 19. Qb3
{[%clk 0:53:21]} Na5 {[%clk 0:42:48]} 20. Qxb6 {[%clk 0:51:33]} Bd8
{[%clk 0:42:03]} 21. Qb4 {[%clk 0:51:48]} Nexc4 {[%clk 0:41:08]} 22. Rd4
{[%clk 0:43:15]} d5 {[%clk 0:33:44]} 23. Bxc4 {[%clk 0:30:57]} Rxc4
{[%clk 0:34:04]} 24. Rxc4 {[%clk 0:31:22]} dxc4 {[%clk 0:34:27]} 25. Nd4
{[%clk 0:27:32]} Qd7 {[%clk 0:28:42]} 26. f3 {[%clk 0:22:44]} Qc8
{[%clk 0:28:44]} 27. Na4 {[%clk 0:21:33]} Re8 {[%clk 0:22:27]} 28. Nc5
{[%clk 0:14:00]} Be7 {[%clk 0:15:06]} 29. Ndxe6 {[%clk 0:14:24]} Qxe6
{[%clk 0:13:50]} 30. Nxe6 {[%clk 0:14:49]} Bxb4 {[%clk 0:14:18]} 31. axb4
{[%clk 0:14:58]} Rxe6 {[%clk 0:14:12]} 32. bxa5 {[%clk 0:15:17]} Bc6
{[%clk 0:13:44]} 33. Rd8+ {[%clk 0:15:43]} Kf7 {[%clk 0:11:55]} 34. Rc8
{[%clk 0:16:06]} Bb5 {[%clk 0:11:29]} 35. Bf4 {[%clk 0:14:10]} Re7
{[%clk 0:08:59]} 36. Bd6 {[%clk 0:13:57]} Rd7 {[%clk 0:07:42]} 37. e5
{[%clk 0:14:22]} fxe5 {[%clk 0:04:38]} 38. Bxe5 {[%clk 0:14:46]} Rd2
{[%clk 0:04:28]} 39. g4 {[%clk 0:14:56]} g5 {[%clk 0:02:58]} 40. Rh8
{[%clk 0:44:06]} Ke6 {[%clk 0:32:28]} 41. Bc3 {[%clk 0:44:30]} Rd7
{[%clk 0:26:49]} 42. Rg8 {[%clk 0:43:28]} Rd1+ {[%clk 0:19:51]} 43. Ka2
{[%clk 0:41:58]} h6 {[%clk 0:19:55]} 44. Rh8 {[%clk 0:23:30]} Ba4
{[%clk 0:18:50]} 45. Ka3 {[%clk 0:23:12]} Bd7 {[%clk 0:15:32]} 46. Kb4
{[%clk 0:16:43]} Kd5 {[%clk 0:15:57]} 47. Rxh6 {[%clk 0:16:30]} Ra1
{[%clk 0:15:38]} 48. Bd2 {[%clk 0:16:32]} Rd1 {[%clk 0:15:50]} 49. Kc3
{[%clk 0:16:35]} Rf1 {[%clk 0:16:16]} 50. Rf6 {[%clk 0:16:41]} 1-0

[Event "Agen 2017 National"]
[Site "?"]
[Date "2017.08.25"]
[Round "7.4"]
[White "Jolly, Jean-Francois"]
[Black "Fressinet, Laurent"]
[Result "0-1"]
[BlackElo "2650"]
[WhiteElo "2381"]
[LiveChessVersion "1.4.8"]

1. e4 {[%clk 1:30:58]} e5 {[%clk 1:30:56]} 2. Nf3 {[%clk 1:31:22]} Nc6
{[%clk 1:31:22]} 3. Bc4 {[%clk 1:31:46]} Nf6 {[%clk 1:31:44]} 4. d3
{[%clk 1:32:11]} Bc5 {[%clk 1:32:08]} 5. O-O {[%clk 1:32:26]} d6 {[%clk 1:32:18]}
6. a4 {[%clk 1:29:40]} a6 {[%clk 1:31:16]} 7. c3 {[%clk 1:29:25]} Ba7
{[%clk 1:31:38]} 8. Re1 {[%clk 1:25:36]} O-O {[%clk 1:27:09]} 9. h3
{[%clk 1:17:06]} h6 {[%clk 1:24:47]} 10. Nbd2 {[%clk 1:14:55]} Be6
{[%clk 1:24:01]} 11. a5 {[%clk 1:05:21]} Nh5 {[%clk 1:22:03]} 12. Bxe6
{[%clk 0:50:52]} fxe6 {[%clk 1:22:24]} 13. Nc4 {[%clk 0:51:17]} Qf6
{[%clk 1:20:42]} 14. Be3 {[%clk 0:47:37]} Nf4 {[%clk 1:08:07]} 15. Kh2
{[%clk 0:44:12]} d5 {[%clk 1:02:43]} 16. Bxa7 {[%clk 0:42:00]} dxc4
{[%clk 1:00:05]} 17. Bc5 {[%clk 0:41:17]} Rf7 {[%clk 0:44:47]} 18. dxc4
{[%clk 0:33:43]} Rd8 {[%clk 0:43:50]} 19. Qb3 {[%clk 0:33:35]} Nxg2
{[%clk 0:42:14]} 20. Kxg2 {[%clk 0:31:36]} Qxf3+ {[%clk 0:40:46]} 21. Kh2
{[%clk 0:32:03]} Nd4 {[%clk 0:39:53]} 22. Qd1 {[%clk 0:32:20]} Qxf2+
{[%clk 0:39:41]} 0-1

[Event "Agen 2017 National"]
[Site "?"]
[Date "2017.08.25"]
[Round "7.5"]
[White "Lagarde, Maxime"]
[Black "Chabanon, Jean-Luc"]
[Result "1/2-1/2"]
[BlackElo "2467"]
[WhiteElo "2607"]
[LiveChessVersion "1.4.8"]

1. e4 {[%clk 1:30:41]} c5 {[%clk 1:30:58]} 2. Nf3 {[%clk 1:30:56]} e6
{[%clk 1:31:23]} 3. d4 {[%clk 1:30:59]} cxd4 {[%clk 1:31:50]} 4. Nxd4
{[%clk 1:31:26]} Nc6 {[%clk 1:32:15]} 5. Nc3 {[%clk 1:30:49]} Qc7
{[%clk 1:32:34]} 6. f4 {[%clk 1:30:01]} a6 {[%clk 1:32:33]} 7. Be2
{[%clk 1:28:15]} Nxd4 {[%clk 1:30:26]} 8. Qxd4 {[%clk 1:28:22]} b5
{[%clk 1:30:37]} 9. b4 {[%clk 1:19:42]} Qa7 {[%clk 1:26:19]} 10. Qxa7
{[%clk 0:55:30]} Rxa7 {[%clk 1:26:15]} 11. a3 {[%clk 0:55:16]} Rc7
{[%clk 1:18:30]} 12. Bd2 {[%clk 0:55:04]} Bb7 {[%clk 1:12:57]} 13. O-O
{[%clk 0:50:47]} g5 {[%clk 0:40:49]} 14. e5 {[%clk 0:32:30]} gxf4
{[%clk 0:35:33]} 15. Bf3 {[%clk 0:31:33]} Bxf3 {[%clk 0:31:47]} 16. Rxf3
{[%clk 0:31:51]} Bg7 {[%clk 0:24:07]} 17. Bxf4 {[%clk 0:24:21]} d5
{[%clk 0:22:26]} 18. a4 {[%clk 0:19:00]} bxa4 {[%clk 0:22:41]} 19. Nxa4
{[%clk 0:14:18]} Ne7 {[%clk 0:11:30]} 20. Nc5 {[%clk 0:14:35]} Ng6
{[%clk 0:11:02]} 21. Bg3 {[%clk 0:14:46]} O-O {[%clk 0:08:14]} 22. Rxa6
{[%clk 0:09:22]} Rb8 {[%clk 0:08:26]} 23. c3 {[%clk 0:07:10]} h5 {[%clk 0:07:01]}
24. h4 {[%clk 0:05:04]} Rbc8 {[%clk 0:06:57]} 25. Re3 {[%clk 0:04:17]} Bf8
{[%clk 0:05:25]} 26. Rd6 {[%clk 0:03:13]} Be7 {[%clk 0:04:45]} 27. Rf3
{[%clk 0:01:19]} Nxh4 {[%clk 0:04:07]} 28. Bxh4 {[%clk 0:01:08]} Bxh4
{[%clk 0:04:36]} 29. Rh3 {[%clk 0:00:53]} Be7 {[%clk 0:04:26]} 30. Rxh5
{[%clk 0:00:57]} Rc6 {[%clk 0:02:53]} 31. Rxc6 {[%clk 0:00:51]} Rxc6
{[%clk 0:03:17]} 32. Na4 {[%clk 0:00:35]} Ra6 {[%clk 0:02:41]} 33. Nb2
{[%clk 0:00:40]} Ra1+ {[%clk 0:02:30]} 34. Kh2 {[%clk 0:01:05]} Rb1
{[%clk 0:01:37]} 35. Na4 {[%clk 0:01:29]} d4 {[%clk 0:01:23]} 36. cxd4
{[%clk 0:00:59]} Rxb4 {[%clk 0:01:30]} 37. Nc3 {[%clk 0:01:23]} Rxd4
{[%clk 0:01:28]} 38. Rh3 {[%clk 0:01:34]} Bd8 {[%clk 0:01:19]} 39. Re3
{[%clk 0:01:39]} Kf8 {[%clk 0:01:17]} 40. Ne2 {[%clk 0:30:59]} Ra4
{[%clk 0:31:36]} 41. Ng1 {[%clk 0:24:50]} Bb6 {[%clk 0:26:07]} 42. Re2
{[%clk 0:24:55]} Bxg1+ {[%clk 0:24:02]} 43. Kxg1 {[%clk 0:25:19]} Kg7
{[%clk 0:24:25]} 44. Kf2 {[%clk 0:24:16]} Rf4+ {[%clk 0:20:09]} 45. Kg3
{[%clk 0:19:40]} Rf5 {[%clk 0:20:18]} 46. Re4 {[%clk 0:19:53]} Kf8
{[%clk 0:20:14]} 47. Re3 {[%clk 0:19:27]} Ke7 {[%clk 0:18:14]} 48. Re4
{[%clk 0:19:42]} Rf1 {[%clk 0:17:02]} 49. Kg4 {[%clk 0:17:02]} Rf2
{[%clk 0:16:16]} 50. Kg3 {[%clk 0:17:12]} Rf5 {[%clk 0:16:40]} 51. Kg4
{[%clk 0:17:10]} Kf8 {[%clk 0:16:57]} 52. Kg3 {[%clk 0:17:29]} Kg7
{[%clk 0:17:13]} 53. Rg4+ {[%clk 0:17:38]} Kh6 {[%clk 0:17:34]} 54. Rh4+
{[%clk 0:18:02]} Kg6 {[%clk 0:16:51]} 1/2-1/2